<?xml version="1.0" encoding="UTF-8"?>
<record
    xmlns:xsi="http://www.w3.org/2001/XMLSchema-instance"
    xsi:schemaLocation="http://www.loc.gov/MARC21/slim http://www.loc.gov/standards/marcxml/schema/MARC21slim.xsd"
    xmlns="http://www.loc.gov/MARC21/slim">

  <leader>00644nam a22001457a 4500</leader>
  <controlfield tag="008">230721b        |||||||| |||| 00| 0 eng d</controlfield>
  <datafield tag="040" ind1=" " ind2=" ">
    <subfield code="a">National Science Library</subfield>
    <subfield code="c">National Science Library</subfield>
  </datafield>
  <datafield tag="080" ind1=" " ind2=" ">
    <subfield code="a">61(05)</subfield>
  </datafield>
  <datafield tag="245" ind1=" " ind2=" ">
    <subfield code="a">Annual review of medicine </subfield>
  </datafield>
  <datafield tag="260" ind1=" " ind2=" ">
    <subfield code="a">Palo Alto: </subfield>
    <subfield code="b">Annual Review Inc, </subfield>
    <subfield code="c">1968</subfield>
  </datafield>
  <datafield tag="500" ind1=" " ind2=" ">
    <subfield code="a">Vol. 23 (Annual review of medicine) ix, 515p.
Vol. 17 (Annual review of medicine) , 563p. 
Vol. 21 (Annual review of medicine), 499p.
Vol. 22 (Annual review of medicine) ix, 447p.
Vol. 19 (Annual review of medicine) vii, 540p. 
</subfield>
  </datafield>
  <datafield tag="650" ind1=" " ind2=" ">
    <subfield code="a">Medical sciences</subfield>
  </datafield>
  <datafield tag="700" ind1=" " ind2=" ">
    <subfield code="a">Degraff, Arthur C (Ed.) </subfield>
  </datafield>
  <datafield tag="942" ind1=" " ind2=" ">
    <subfield code="c">BK</subfield>
    <subfield code="2">udc</subfield>
  </datafield>
  <datafield tag="999" ind1=" " ind2=" ">
    <subfield code="c">55411</subfield>
    <subfield code="d">55411</subfield>
  </datafield>
  <datafield tag="952" ind1=" " ind2=" ">
    <subfield code="0">0</subfield>
    <subfield code="1">0</subfield>
    <subfield code="2">udc</subfield>
    <subfield code="4">0</subfield>
    <subfield code="7">0</subfield>
    <subfield code="9">97552</subfield>
    <subfield code="a">NSL</subfield>
    <subfield code="b">NSL</subfield>
    <subfield code="c">FF/Rk-47/C-1/R-2</subfield>
    <subfield code="d">1969-10-09</subfield>
    <subfield code="h"> Vol. 19 (Annual review of medicine) vii, 540p. </subfield>
    <subfield code="l">0</subfield>
    <subfield code="p">29826</subfield>
    <subfield code="r">2023-07-26 00:00:00</subfield>
    <subfield code="w">1969-10-09</subfield>
    <subfield code="y">BK</subfield>
  </datafield>
</record>
